Bankovní akcepty
Bankový akcept ako jeden z najstarších finančných nástrojov na peňažnom trhu, kedy banka prijíma (akceptuje) zodpovedá za splnenie záväzkov svojho klienta a chráni tak jeho veriteľa pred rizikom nezaplatenia pohľadávky. Otázky bankových akceptov v praxi USA. Podstata, tvorba a fungovanie bankového a...
Saved in:
| Main Author: | |
|---|---|
| Format: | Book Chapter |
| Language: | Czech |
| Subjects: | |
| Tags: |
No Tags, Be the first to tag this record!
|
MARC
| LEADER | 00000naa a2200000 4500 | ||
|---|---|---|---|
| 001 | r012810 | ||
| 005 | 20230113115920.1 | ||
| 041 | 0 | |a cze | |
| 044 | |a CZ | ||
| 245 | 1 | 0 | |a Bankovní akcepty |c Z. Mraz |
| 520 | |a Bankový akcept ako jeden z najstarších finančných nástrojov na peňažnom trhu, kedy banka prijíma (akceptuje) zodpovedá za splnenie záväzkov svojho klienta a chráni tak jeho veriteľa pred rizikom nezaplatenia pohľadávky. Otázky bankových akceptov v praxi USA. Podstata, tvorba a fungovanie bankového akceptu pri obchodných transakciách. Využitie akceptov pri financovaní dovozu a vývozu tovaru. Trh s akceptami a participácia 3 subjektov: akceptačné banky, dealeri, investori. Bankové akcepty a Federálny rezervný systém. | ||
| 610 | 2 | 0 | |a akcept |
| 610 | 2 | 0 | |a banky |
| 610 | 2 | 0 | |a trh peňažný |
| 610 | 2 | 0 | |a USA |
| 610 | 2 | 0 | |a dovoz |
| 610 | 2 | 0 | |a vývoz |
| 610 | 2 | 0 | |a pohľadávky |
| 610 | 2 | 0 | |a operácie obchodné |
| 100 | 1 | |a Mráz, Zdeněk | |